00310nam a2200121Ia 4500008004100000041000800041100001300049245004300062260002200105300000900127520003200136650002000168230818s1998 xx 000 0 und d aeng aOjugo C. aPractical Food & Beverage cost control bDclmar pub.c1998 a404p aHard Board | Reference Copy aFood Production